00894nam a2200253 a 4500001001000000003000500010005001700015008004100032010001100073011001100084020001800095040000900113082001900122100001900141245025300160260004100413300001100454490002800465650003500493650002200528650002600550650003600576830002800612000110322CHAP20220329144127.0140818s2008 mx a |r| |||1|||spa|d a106784 a107756 a9788497634281 cCHAP0 a581.63409bR451 aRey Bueno, Mar10aHistoria de las hierbas mágicas y medicinales :bplantas alucinógenas, hongos psicoactivos, lianas visionarias, hierbas fúnebres... todos los secretos sobre las propiedades y virtudes ocultas del ancestral mundo vegetal. /cpor Mar Rey Bueno.3 aMadrid :bEdiciones Nowtilus,c2008. a302 p.0 aInvestigación abierta14aBotánica médicaxHistoria.14aMateria médica.14aMedicina tradicional.14aPlantas alucinogenasxHistoria. 0aInvestigación abierta